01167nam a22002777i 4500999001700000003000900017008004100026040007100067082002300138100000600161110003800167245006800205300004700273505024100320650001900561650001800580650003200598650002200630650002000652650002100672650002300693856002400716942001600740945002100756952011200777  c23329d23329AR-CdUCM250722b20192019 pe||||| |||| 00| 0 spa d  aMUNICIPALIDAD PROVINCIAL DEL CUSCOcBIBLIOTECA MUNICIPAL DEL CUSCO  a353.597 / G55bG55  a   aGobierno Regional del Cusco99437  aPERTUR CUSCO 2019-2025 - Plan Estratégico Regional de Turismo  a354 páginas. :bIlustracionesc33x21 cm.  aDiagnostico del Turismo en la Regíon -- Análisis de la demanda -- Análisis del producto turístico -- Facilidades para el turismo -- Promoción y comercialización -- Análisis Prospectivo -- Formulación del plan de acción  aTurismo951259  aDemanda94621  aProducto turístico951260  aCompetencia98954  aVariables96327  aTendencias92317  aEstrategias913946  fwww.mincetur.gob.pe  2ddccLIBROS  apbjrd22-07-2025  002ddc4070aSHbSHcCARTd2025-07-22eDonacióng30.00o353.597 / G55 pSH0000016939r2025-07-22yLIBROS